000 00326nam a22001337a 4500
008 181220b xxu||||| |||| 00| 0 eng d
020 _a0815621671
041 _aeng
080 _a371
100 _a46
101 _aEDU
245 _aA Step-by-Step Learning Guide for Older Retarded Children
_cJohnson,V.M
942 _2udc
_cBK
999 _c53556
_d53556